000
00313nam a2200133Ia 4500
005
20260328104324.0
008
260328s9999||||xx |||||||||||||| ||und||
100
_a
Paolini, Ramón
245
0
_a
Cucurumbé /
_c
Ramón Paolini
260
_b
Caribe Somos
300
_a
126 p.
650
_a
FOTOGRAFÍA
942
_c
BK
999
_c
11437
_d
11437